Differential Geometry and Relativy Theory : An Introduction

Saved in:
Bibliographic Details
Main Author: Faber, Richard L. 1940-
Format: Book
Language:English
Published: New York : Marcel Dekker, c1983
Series:Monographs and textbooks in pure and applied mathematics ; ; 76
Subjects:
Tags: Add Tag
No Tags, Be the first to tag this record!

MARC

LEADER 00000nam a2200000 i 4500
001 1/51831
008 941103s1983 eng d
020 |a 0-8247-1749-X 
035 |a 1993  |l 10044251 
040 |a GR-MY-UA  |b gre  |e aacr 
041 0 |a eng 
082 0 |a 530.110151636 
100 1 |a Faber, Richard L.  |d 1940- 
245 1 0 |a Differential Geometry and Relativy Theory :  |b An Introduction 
260 |a New York :   |b Marcel Dekker,   |c c1983 
300 |a 255 p.;  |c 23 cm. 
490 1 |a Monographs and textbooks in pure and applied mathematics  |v ; 76 
500 |a Includes index 
650 0 0 |a Relativity (Physics) 
650 0 0 |a Geometry, Differential. 
650 0 0 |a Geometry, Riemannian. 
830 0 |a Monographs and textbooks in pure and applied mathematics ;  |v ; 76 
852 |a INST  |b SAMOS  |e 19941103  |h 530.110151636 FAB  |p 005300007848  |q 005300007848  |t BK  |y 0 
909 |a Σ  |b 030266